Online Catalogue and eLibrary

Buddhism and Christianity : (Record no. 829)

MARC details
000 -LEADER
fixed length control field 00584nam a2200193Ia 4500
005 - DATE AND TIME OF LATEST TRANSACTION
control field 20240719050756.0
008 - FIXED-LENGTH DATA ELEMENTS--GENERAL INFORMATION
fixed length control field 240331s9999 xx 000 0 und d
020 ## - INTERNATIONAL STANDARD BOOK NUMBER
ISBN 9559570501
082 ## - DDC Classification
Class No. 291
Item Number - Author Mark PEE
100 ## - MAIN ENTRY--PERSONAL NAME
Personal name Peebles, J.M
245 #0 - TITLE STATEMENT
Title Buddhism and Christianity :
Remainder of title Being an oral Debate Held at Panadura between The Rev. Migettuwatte Gunananda and The Rev.David De Silva a Wesleyan Cleryman
260 ## - PUBLICATION, DISTRIBUTION, ETC.
Place of publication, distribution, etc. Colombo
Name of publisher, distributor, etc. Don Hema Udawattage
Date of publication, distribution, etc. 1994
300 ## - PHYSICAL DESCRIPTION
Extent (e.g. Volumes, Pages etc.) 166, p .,
650 ## - SUBJECT ADDED ENTRY--TOPICAL TERM
Topical term or geographic name entry element Buddhism
650 ## - SUBJECT ADDED ENTRY--TOPICAL TERM
Topical term or geographic name entry element Christianity
650 ## - SUBJECT ADDED ENTRY--TOPICAL TERM
Topical term or geographic name entry element Political
650 ## - SUBJECT ADDED ENTRY--TOPICAL TERM
Topical term or geographic name entry element Cultural
942 ## - Koha item type (Biblio)
Koha item type Books in Stacks (Lending)
Holdings
Lost status Damaged status Collection code Home library Current library Shelving location Date acquired Full call number Accession Number Item type
    Lending WERC Library WERC Library Social Science Cupboard 03/31/2024 291 PEE 3648 Books in Stacks (Lending)

© WERC Library